Unscramble the States - Statistics

General Stats
  • This quiz has been taken 356 times
  • The average score is 12 of 15
Answer Stats
Answer % Correct
nevada
90%
illinois
88%
pennsylvania
88%
georgia
86%
florida
85%
indiana
84%
oklahoma
84%
wyoming
83%
vermont
82%
new york
80%
maryland
77%
new mexico
77%
delaware
73%
north carolina
49%
rhode island
45%
No matching quizzes found
Score Distribution
Percent of People with Each Score
Percentile by Number Answered
Your Score History
You have not taken this quiz